| Tag |
First Indicator |
Second Indicator |
Subfields |
| LEADER |
00000cam a2200000 a 4500 |
| 001 |
in00001491113 |
| 005 |
20151021084417.0 |
| 008 |
981229s1999 nyua 000 0 eng |
| 010 |
|
|
|a 98055998
|
| 020 |
|
|
|a 0195132645 (cloth : alk. paper)
|
| 020 |
|
|
|a 0195127129 (pbk.)
|
| 035 |
|
|
|a (OCoLC)40595304
|
| 035 |
|
|
|9 AJJ7212AM
|
| 040 |
|
|
|a DLC
|c DLC
|d TXA
|d UtOrBLW
|
| 043 |
|
|
|a n-us---
|
| 049 |
|
|
|a TXAM
|
| 050 |
0 |
0 |
|a PS508.W73
|b A83 1999
|
| 082 |
0 |
0 |
|a 810.8/0920623
|2 21
|
| 245 |
0 |
3 |
|a An American mosaic :
|b prose and poetry by everyday folk /
|c edited by Robert Wolf.
|
| 264 |
|
1 |
|a New York :
|b Oxford University Press,
|c 1999.
|
| 300 |
|
|
|a xvi, 328 pages :
|b illustrations ;
|c 22 cm.
|
| 336 |
|
|
|a text
|b txt
|2 rdacontent
|
| 337 |
|
|
|a unmediated
|b n
|2 rdamedia
|
| 338 |
|
|
|a volume
|b nc
|2 rdacarrier
|
| 650 |
|
0 |
|a Working class writings, American.
|
| 650 |
|
0 |
|a Homeless persons' writings, American.
|
| 651 |
|
0 |
|a United States
|x Social life and customs
|y 20th century
|x Literary collections.
|
| 650 |
|
0 |
|a American literature
|y 20th century.
|
| 700 |
1 |
|
|a Wolf, Robert,
|d 1944-
|
| 948 |
|
|
|a c:en
|
| 999 |
|
|
|a MARS
|
| 999 |
f |
f |
|s 9d069fed-2f63-39a9-8d8d-056cf65ce485
|i 29a2e580-2af4-3b8e-b8dc-dd31aca7c77d
|t 0
|
| 952 |
f |
f |
|p ric
|a Texas A&M University
|b Rellis Campus
|c Joint Library Facility
|s JLF
|d Remote Storage
|t 0
|e PS508.W73 A83 1999
|h Library of Congress classification
|i unmediated -- volume
|m A14825195372
|
| 998 |
f |
f |
|a PS508.W73 A83 1999
|t 0
|l Remote Storage
|